000 00372nam a2200157Ia 4500
008 210210b1928 xxu||||| |||| 00| 0 eng d
041 _aeng
082 _a828/688
100 _aWILLCOCKS (M P)
245 _aIndian christians
260 _aMadras
_bG A Natesan and Company
_c1928
650 _aIndian
650 _achristians
690 _aBiography
906 _a016534
999 _c136092
_d136092